Steven Universe - All Gems (w/ Fusion Gems) - Statistics

General Stats
  • This quiz has been taken 675 times
    607 since last reset
  • The average score is 15 of 23
Answer Stats
Weapon/Description Gems/Fusions % Correct
(Crystal Gem) Spear Pearl
98%
Gauntlet Garnet
97%
Whip Amethyst
96%
Hydrokinesis/Water Wings Lapis Lazuli
90%
Bow Opal
90%
(Crystal Gem) Thermo-regulation (Hot) Ruby
90%
Hybrid fusion of Steven and Connie Stevonnie
90%
Shield (New), Rose's son Steven Quartz Universe
89%
(Crystal Gem) Thermo-regulatiuon (Cold) Sapphire
87%
Crash Helmet Jasper
85%
Uses Pearl's, Amethyst's, Garnet's, and their fusion's weapons Alexandrite
83%
Former Homeworld Gem, Present Crystal Gem Peridot
83%
Shield (Former) Rose Quartz
82%
Current Diamond with a canonical full appearance Yellow Diamond
73%
War-Hammer Sardonyx
72%
Flail Sugilite
67%
Hydrokinesis, Ice powers, Crash Helmet Malachite
55%
Sapphire's Diamond, first Diamond shown in the show Blue Diamond
43%
Shape shifting powers, currently resides in the Burning Room, formerly in Lion's Dimension Bismuth
23%
Fusion of Pearl and Rose Quartz Rainbow/Iris Quartz
9%
A Gem-Geo weapon that was going to be used by Homeworld to destroy the Earth, made out of the former Crystal Gems' gem shards The Cluster
4%
Her Pearl Blue Pearl
3%
Her Pearl Yellow Pearl
3%
No matching quizzes found
Score Distribution
Percent of People with Each Score
Percentile by Number Answered
Your Score History
You have not taken this quiz since the last reset